Modern commercial correspondence (Record no. 6061)

MARC details
000 -LEADER
fixed length control field 00516cam a2200193ua 4500
001 - CONTROL NUMBER
control field 6920
005 - DATE AND TIME OF LATEST TRANSACTION
control field 20260515114128.0
008 - FIXED-LENGTH DATA ELEMENTS--GENERAL INFORMATION
fixed length control field 140307n ii |||gr||||Z||||||eng
040 ## - CATALOGING SOURCE
Transcribing agency MAIN
082 ## - DEWEY DECIMAL CLASSIFICATION NUMBER
Classification number 651
245 ## - TITLE STATEMENT
Title Modern commercial correspondence
Statement of responsibility, etc. By Naresh chandra Roychowdhury
250 ## - EDITION STATEMENT
Edition statement 2nd ed.
260 ## - PUBLICATION, DISTRIBUTION, ETC.
Place of publication, distribution, etc. Calcutta:
Name of publisher, distributor, etc. Book agency pvt ltd.,
Date of publication, distribution, etc. 1975.
300 ## - PHYSICAL DESCRIPTION
Extent x,426p.
653 ## - INDEX TERM--UNCONTROLLED
Uncontrolled term Office services
653 ## - INDEX TERM--UNCONTROLLED
Uncontrolled term Commercial correspondence
700 ## - ADDED ENTRY--PERSONAL NAME
Personal name Roychowdhury,Naresh,
Relator term Author.,
942 ## - ADDED ENTRY ELEMENTS (KOHA)
Koha item type Books
Holdings
Withdrawn status Lost status Damaged status Not for loan Home library Current library Shelving location Date acquired Total checkouts Full call number Barcode Date last seen Copy number Price effective from Koha item type
        Naharkatiya College Library Naharkatiya College Library General stacks 09/19/2020   651 | ROY 13815 09/19/2020 1 09/19/2020 Books